=LDR 00000nam 2200000 4500 =100 #$$a Berger Lance =245 ##$$a best practices on talent management: $b mengidentifikasi, mengembangkan dan mempromosikan orang terbaik untuk menciptakan keunggulan organisasi $c Lance Berger, Dorothy R. Berger; penerjemah, Kumala Insiwi Suryo; penyunting, Y. Yuwono =247 ##$$a =260 ##$$a Jakarta $b PPM $c 2008 =300 ##$$a xxii; 568 hlm. $b ilus. $c 24 cm. $e =310 ##$$a =321 ##$$a =520 #$$a =650 #$$a Manajemen SDM =700 #$$a Berger, Dorothy R. =700 #$$a Kumala Insiwi Suryo =700 #$$a Y. Yuwono =856 ##$$a =Wor $a 1 =001 $a INLIS000000000008546 =005 $a 20260629134814 =008 $a 260629################g##########0#ind## =022 ##$$a 979-442-XXX-X =035 ##$$a 0010-0626000173 =082 ##$$a 658.82 =084 ##$$a 658.82 BER b